| 000 | 00413cam a2200181 4500 | ||
|---|---|---|---|
| 001 | D14663 | ||
| 008 | 090401t1969 xxu||||| |||| 00| 0 eng d | ||
| 035 | _a(Sirsi) u17243 | ||
| 041 | _aeng | ||
| 050 | _a625.7026 | ||
| 100 | _aDavies, Keith | ||
| 245 | 4 | _aThe concise law of highways | |
| 260 |
_aLondon _bEstates Gazette _c1969 |
||
| 300 | _a284p. 22cm | ||
| 350 | _a3 | ||
| 942 | _n0 | ||
| 948 | _c04/03/1997 | ||
| 999 |
_c87488 _d87488 |
||